[Event "NED-ch U14 Girls"]
[Site "Rotterdam"]
[Date "2016.05.05"]
[Round "7"]
[White "Woest, Imre"]
[Black "Meijer, Kim"]
[Result "1/2-1/2"]
[WhiteElo "967"]
[BlackElo "716"]
[PlyCount "78"]
[EventDate "2016.04.29"]
[EventType "swiss"]
[EventRounds "9"]
[EventCountry "NED"]
[SourceTitle "CBM 172 Extra"]
[Source "ChessBase"]
[SourceDate "2016.06.21"]
[SourceVersion "1"]
[SourceVersionDate "2016.06.21"]
[SourceQuality "1"]

1. e4 d5 2. exd5 Nf6 3. Nf3 Nxd5 4. c4 Nb6 5. Nc3 Nc6 6. Be2 e5 7. d3 Bc5 8. 0-0 0-0 9. Be3 Bd4 10. Bxd4 exd4 11. Ne4 Bf5 12. Ng3 Bg6 13. Qd2 a5 14. a3 a4 15. Rae1 Nd7 16. Bd1 Nc5 17. Bc2 Re8 18. Rxe8+ Qxe8 19. Re1 Qd7 20. Nh4 Qg4 21. Nxg6 Qxg6 22. Qe2 f6 23. Qh5 Qxh5 24. Nxh5 Kf8 25. f4 Kf7 26. Kf2 g6 27. Ng3 f5 28. Nf1 Re8 29. Rxe8 Kxe8 30. Nd2 Na5 31. Kf3 Kf7 32. g4 Kf6 33. g5+ Ke6 34. Kg3 Kd6 35. h4 Kd7 36. h5 Kc8 37. Nf3 Nc6 38. Nh4 Ne7 39. Nxg6 Nxg6 1/2-1/2

[Event "NED-ch U14 Girls"]
[Site "Rotterdam"]
[Date "2016.05.01"]
[Round "3"]
[White "De Goede, Ilja"]
[Black "Meijer, Kim"]
[Result "1/2-1/2"]
[WhiteElo "670"]
[BlackElo "716"]
[PlyCount "71"]
[EventDate "2016.04.29"]
[EventType "swiss"]
[EventRounds "9"]
[EventCountry "NED"]
[SourceTitle "CBM 172 Extra"]
[Source "ChessBase"]
[SourceDate "2016.06.21"]
[SourceVersion "1"]
[SourceVersionDate "2016.06.21"]
[SourceQuality "1"]

1. e4 d5 2. exd5 Nf6 3. Nf3 Nxd5 4. d4 Bg4 5. h3 Bh5 6. Be2 e6 7. c4 Nb6 8. Be3 Nc6 9. Nbd2 Bb4 10. b3 Bxf3 11. Bxf3 Bc3 12. Bxc6+ bxc6 13. Rc1 Bxd4 14. Bxd4 Qxd4 15. 0-0 Rd8 16. Nf3 Qc5 17. Qe2 Nd7 18. Rfd1 0-0 19. Rd2 e5 20. Rcd1 Qe7 21. Qe3 a6 22. Ne1 f6 23. Qa7 Nb8 24. Nf3 Rxd2 25. Rxd2 Rd8 26. Rxd8+ Qxd8 27. Qe3 Qe7 28. Nh4 g6 29. Qf3 f5 30. g3 Qa3 31. Qe2 Qc5 32. Nf3 e4 33. Ng5 h6 34. Ne6 Qd6 35. Nf4 Nd7 36. Kh2 1/2-1/2

[Event "NED-ch U14 Girls"]
[Site "Rotterdam"]
[Date "2016.04.29"]
[Round "1"]
[White "Warnaar, Alisha"]
[Black "Meijer, Kim"]
[Result "1-0"]
[WhiteElo "1070"]
[BlackElo "716"]
[PlyCount "45"]
[EventDate "2016.04.29"]
[EventType "swiss"]
[EventRounds "9"]
[EventCountry "NED"]
[SourceTitle "CBM 172 Extra"]
[Source "ChessBase"]
[SourceDate "2016.06.21"]
[SourceVersion "1"]
[SourceVersionDate "2016.06.21"]
[SourceQuality "1"]

1. e4 d5 2. exd5 Nf6 3. Nf3 Nxd5 4. c4 Nb6 5. d4 Bg4 6. Be2 e6 7. 0-0 Nc6 8. b3 Bxf3 9. Bxf3 Nxd4 10. Bxb7 Rb8 11. Bb2 Rxb7 12. Bxd4 c5 13. Bb2 Rd7 14. Qf3 f6 15. Nc3 Be7 16. Rfe1 e5 17. Rad1 0-0 18. Rxd7 Qxd7 19. Rd1 Bd6 20. Nb5 Nc8 21. Qd5+ Kh8 22. Nxd6 Ne7 23. Nf7+ 1-0

[Event "NED-ch U11 Girls"]
[Site "Waalwijk"]
[Date "2012.04.07"]
[Round "6"]
[White "Hermanns, Julie Anne"]
[Black "Meijer, Kim"]
[Result "1-0"]
[WhiteElo "694"]
[BlackElo "562"]
[PlyCount "63"]
[EventDate "2012.04.06"]
[EventType "swiss"]
[EventRounds "9"]
[EventCountry "NED"]
[SourceTitle "EXT 2013"]
[Source "ChessBase"]
[SourceDate "2012.11.22"]
[SourceVersion "1"]
[SourceVersionDate "2012.11.22"]
[SourceQuality "1"]

1. e4 e5 2. Nf3 Nc6 3. Nc3 Nf6 4. Bc4 Bb4 5. Nd5 Nxe4 6. c3 Bc5 7. d3 Nxf2 8. Qe2 Nxh1 9. Nxe5 Nxe5 10. Qxe5+ Be7 11. Nxc7+ Kf8 12. Nxa8 Bf6 13. Qd5 Qe7+ 14. Kd1 Nf2+ 15. Kd2 Bg5+ 16. Kc2 Bf6 17. Bd2 d6 18. Re1 Be6 19. Qf3 g6 20. Bh6+ Ke8 21. Qxf2 Bh4 22. g3 Bf6 23. Qxa7 Qd7 24. Qb8+ Qd8 25. Bb5+ Ke7 26. Qxb7+ Qd7 27. Bxd7 Be5 28. Bc6+ Bd7 29. Qxd7+ Kf6 30. Rf1+ Bf4 31. Rxf4+ Ke5 32. Bg7+ 1-0

[Event "NED-ch U11 Girls"]
[Site "Waalwijk"]
[Date "2012.04.06"]
[Round "2"]
[White "Meijer, Kim"]
[Black "Geene, Ilse"]
[Result "0-1"]
[WhiteElo "562"]
[BlackElo "645"]
[PlyCount "95"]
[EventDate "2012.04.06"]
[EventType "swiss"]
[EventRounds "9"]
[EventCountry "NED"]
[SourceTitle "EXT 2013"]
[Source "ChessBase"]
[SourceDate "2012.11.22"]
[SourceVersion "1"]
[SourceVersionDate "2012.11.22"]
[SourceQuality "1"]

1. e4 e5 2. Nf3 Nc6 3. d4 d6 4. Nc3 Bg4 5. h3 Bxf3 6. Qxf3 Nxd4 7. Qd1 Nf6 8. Bg5 Be7 9. Be3 Nc6 10. Bb5 a6 11. Ba4 b5 12. Bb3 Nb4 13. Qe2 d5 14. f3 dxe4 15. fxe4 0-0 16. Rf1 Nd7 17. 0-0-0 Qe8 18. Rf3 Nf6 19. h4 Nh5 20. Bf2 Nf4 21. Qf1 Rd8 22. Qg1 Nxa2+ 23. Bxa2 Rxd1+ 24. Qxd1 Nxg2 25. Rh3 Nf4 26. Rh1 b4 27. Ne2 Ne6 28. Rg1 Bc5 29. Bxc5 Nxc5 30. Ng3 Qa4 31. Qg4 g6 32. Ne2 Qxa2 33. c4 Nd3+ 34. Kd2 Nf2 35. Qd7 Nxe4+ 36. Ke3 Nf6 37. Qe7 Kg7 38. Rf1 Ng4+ 39. Ke4 Qxc4+ 40. Kf3 Nh2+ 41. Kg2 Nxf1 42. Kxf1 b3 43. Qxe5+ f6 44. Qe7+ Rf7 45. Qe3 Qc2 46. h5 Qxb2 47. hxg6 hxg6 48. Qf2 0-1